Discurso pronunciado por el Ministro de Relaciones Exteriores V. de La Plaza en el acto de la clausura (Registro nro. 162264)

Detalles MARC
000 -LEADER
campo de control de longitud fija 00692nam a22001695i 4500
001 - NÚMERO DE CONTROL
campo de control 162264
003 - IDENTIFICADOR DE NÚMERO DE CONTROL
campo de control ES-MaACL
005 - FECHA Y HORA DE LA ÚLTIMA TRANSACCIÓN
campo de control 20230906212451.0
008 - DATOS DE LONGITUD FIJA--INFORMACIÓN GENERAL
campo de control de longitud fija 041105s1882 ag |||| | spa d
040 ## - FUENTE DE CATALOGACIÓN
Centro catalogador/agencia de origen CAM
Lengua de catalogación spa
Centro/agencia transcriptor CAM
100 1# - ENTRADA PRINCIPAL--NOMBRE DE PERSONA
Nombre de persona Plaza, Vicente de la.
9 (RLIN) 131218
245 10 - MENCIÓN DEL TÍTULO
Título Discurso pronunciado por el Ministro de Relaciones Exteriores V. de La Plaza en el acto de la clausura
Resto del título : Julio 23 de 1882.
260 ## - PUBLICACIÓN, DISTRIBUCIÓN, ETC.
Lugar de publicación, distribución, etc. Buenos Aires :
Nombre del editor, distribuidor, etc. [s.n.],
Fecha de publicación, distribución, etc. 1882 (
Fabricante Imprenta de La Nación)
300 ## - DESCRIPCIÓN FÍSICA
Extensión 7 p. ;
Dimensiones 26 cm.
594 ## - Nota al título y mención de responsabilidad
Nota al título y mención de responsabilidad Precede al tít.: Exposición Continental de Buenos Aires.
852 ## - LOCALIZACIÓN
Ubicación ES-MaACL
Número de control de estantería T-385-F-1
Nota libre -- Enc. hol.
condición física -- Falto de la cub. original
Nota libre -- Enc. en un vol. facticio
Existencias
Estatus retirado Estado de pérdida Estado de daño No para préstamo Colección Biblioteca de origen Biblioteca actual Ubicación en estantería Fecha de adquisición Total de préstamos Signatura topográfica completa Código de barras Visto por última vez Precio de reemplazo Tipo de ítem Koha
        Colección de folletos Biblioteca del Ateneo de Madrid Biblioteca del Ateneo de Madrid Depósito folletos 17/01/2008   T-385-F-1 1169996 23/02/2023 23/02/2023 Folleto